El delito de apropiación indebida
Збережено в:
| Автор: | |
|---|---|
| Формат: | Книга |
| Мова: | Іспанська |
| Опубліковано: |
Santiago
Nascimento
1957
|
| Предмети: | |
| Теги: |
Додати тег
Немає тегів, Будьте першим, хто поставить тег для цього запису!
|
MARC
| LEADER | 00000nam a2200000 a 4500 | ||
|---|---|---|---|
| 001 | UCS0096 | ||
| 003 | CL-VaPUC | ||
| 008 | 970418e19570000CL |||||||||||||||||spa|d | ||
| 082 | 0 | 4 | |a 364.16 |b POL |2 21 |
| 100 | |a Politoff Lifschitz, Sergio |e autor |9 254838 | ||
| 245 | 1 | 3 | |a El delito de apropiación indebida |
| 300 | |a 243 p | ||
| 942 | |c BK | ||
| 945 | |d 19970418 00:00:00 |a cmena | ||
| 260 | |a Santiago |b Nascimento |c 1957 | ||
| 650 | 0 | |a Propiedad |9 255268 | |
| 650 | 0 | |a Delitos contra la propiedad |9 256091 | |
| 650 | 7 | |a DERECHO PENAL |2 CL-VaPUC |9 11 | |
| 651 | 7 | |a CHILE |2 CL-VaPUC |9 383190 | |
| 583 | |a last modification |c 19970418 00:00:00 |k Rodrigo Vera | ||
| 999 | |c 258348 |d 258346 | ||
| 952 | |0 0 |1 0 |4 0 |6 364_160000000000000_POL_1957 |7 0 |8 P |9 282377 |a BIBDER |b BIBDER |d 2019-11-19 |i 1827715 |o 364.16 POL 1957 |p 1827715 |r 2023-01-25 |w 2019-11-19 |y BK |k DER | ||
| 952 | |0 0 |1 0 |4 0 |6 364_160000000000000_POL_1957 |7 0 |8 P |9 282378 |a BIBDER |b BIBDER |d 2019-11-19 |i 3975649 |l 2 |m 2 |o 364.16 POL 1957 |p 3975649 |q 2025-12-31 |r 2021-10-08 |s 2021-10-08 |w 2019-11-19 |y BK |k DER | ||